| 000 | 00000nam 2200000zi 4500 |
| 001 | 9.918711 |
| 003 | CaOODSP |
| 005 | 20231205100634 |
| 006 | m o d f |
| 007 | cr mn||||||||| |
| 008 | 221228t20232023quc o f100 0 eng d |
| 020 | |a9780660468648 |
| 040 | |aCaOODSP|beng|erda|cCaOODSP |
| 086 | 1 |aIu54-122/2022E-PDF |
| 111 | 2 |aCompetition and Green Growth Summit |d(2022 : |cOttawa, Ont.) |
| 245 | 10|aWhat we heard from the Competition and Green Growth Summit 2022. |
| 264 | 1|aGatineau QC : |bCompetition Bureau Canada = Bureau de la concurrence Canada, |c2023. |
| 264 | 4|c©2023 |
| 300 | |a1 online resource (12 pages) |
| 336 | |atext|btxt|2rdacontent |
| 337 | |acomputer|bc|2rdamedia |
| 338 | |aonline resource|bcr|2rdacarrier |
| 500 | |aIssued also in French under title: Ce que nous avons entendu lors du Sommet sur la concurrence et la croissance verte 2022. |
| 500 | |a"Date: 2023-01-10." |
| 650 | 0|aSustainable development|vCongresses. |
| 650 | 0|aCompetition, Unfair|vCongresses. |
| 650 | 0|aAntitrust law|vCongresses. |
| 655 | 7|aConference papers and proceedings|2lcgft |
| 710 | 1 |aCanada. |bCompetition Bureau, |eissuing body. |
| 775 | 08|tCe que nous avons entendu lors du Sommet sur la concurrence et la croissance verte 2022.|w(CaOODSP)9.918710 |
| 794 | |tWhat we heard at Canada's Competition Summit 2023.|w(CaOODSP)9.931126 |
| 856 | 40|qPDF|s1.16 MB|uhttps://publications.gc.ca/collections/collection_2023/isde-ised/Iu54-122-2022-eng.pdf |
| 856 | 4 |qHTML|sN/A|uhttps://ised-isde.canada.ca/site/competition-bureau-canada/en/how-we-foster-competition/education-and-outreach/what-we-heard-competition-and-green-growth-summit-2022 |